000 02395nam a2200373 c 4500
003 BLK
005 20180912122536.0
008 180413b bul|||||r ||||||| ||bul||
010 _aKNG00021544000
020 _a954-07-1105-3
_bиздат.: Унив. изд. Св. Климент Охридски
040 _aBLK
041 _aBUL
_cBUL
080 _aМатематичен анализ. Теория на реалните числа, аксиоматически формули, неравенства, основни свойства на функциите, непрекъснатост, монотонност, изучаване на отд. функции. Вж и 510.2/.6
_b517
_x(075.8)
_z517(075.8)
100 1 _aЛюбенова, Елена Тодорова
_eпърви автор
_9263795
700 1 _aНедевски, Петър Спиридонов
_9101120
700 1 _aНиколов, Красимир Иванов
_9263796
700 1 _aНиколова, Людмила Йорданова
_9263797
700 1 _aПопов, Владимир Атанасов
_9263798
139 _aРъководство по математически анализ
_bР 97
245 1 0 _aРъководство по математически анализ
_b[За студентите от СУ Св. Климент Охридски] : Ч. 1 -
_cЕлена Тодорова Любенова; Петър Спиридонов Недевски; Красимир Иванов Николов; Людмила Йорданова Николова; Владимир Атанасов Попов.
_nЧ. 1
250 _a[3.] изд
257 _aBGR
260 София
_bУнив. изд. Св. Климент Охридски
_c1998
300 _c20 см
380 _a3
500 _aДруги авт.: П. Сп. Недевски, Кр. И. Николов, Л. Й. Николова, Вл. Ат. Попов ; Пълното име на първата авт. е Елена Тодорова Любенова-Тонева. - Офс. изд.
650 4 _aМатематически анализ
_9251206
760 1 _aЛюбенова, Елена Тодорова
_b[3.] изд
_d1998
_h500 с. : с черт.
_n1. изд. 1992 ; В кн. означено 2. стер. изд
_tЧ. 1
852 _aЦб 196333
856 4 _qpdf
_u
856 4 _qpdf
_u
942 _cKNG
_n0
_01
944 _aCR
_c15.01.2003
_kAB_DOS
944 _aED
_c08.02.2018
_k
999 _c19418
_d19418